01035cam a2200289 a 450000100090000000300040000900500170001300800410003001000170007102000300008802000270011802000260014502000230017104000180019404300120021205000240022408200280024824501370027626000760041330000210048965000490051065000380055965000430059765100530064070000190069370000330071216146973OSt20170105102901.0100322s2010 enk 000 0 eng  a 2010012367 a9780415566285 (hardcover) a0415566282 (hardcover) a9780203842492 (ebook) a0203842499 (ebook) aDLCcDLCdDLC ae-uk-ni00aJA85.2.G7bP67 201000a941.60824222bPOL 201000aPolitical discourse and conflict resolution :bdebating peace in Northern Ireland /cedited by Katy Hayward and Catherine O'Donnell. aMilton Park, Abingdon, Oxon, [England] ;aNew York :bRoutledge,c2010. a232 p. ;c22 cm. 0aCommunication in politicszNorthern Ireland. 0aPeace-buildingzNorthern Ireland. 0aConflict managementzNorthern Ireland. 0aNorthern IrelandxPolitics and governmenty1994-1 aHayward, Katy.1 aO'Donnell, Catherine,d1979-